Verejné financie

Guardado en:
Detalles Bibliográficos
Autor principal: Sivák, Rudolf, 1955-
Autor Corporativo: Ekonomická univerzita v Bratislave
Otros Autores: Beňová, Elena, Neubauerová, Erika, 1968-, Beličková, Kornélia, 1966-, Kubicová, Jana, 1961-, Borodovčák, Michal, Zubaľová, Alena, 1959-, Sokira, Jozef, Ochotnický, Pavol, Troják, Jozef, Šelešovský, Jan
Formato: Libro
Lenguaje:eslovaco
Publicado: Bratislava Iura Edition 2007
Colección:Ekonómia
Materias:
Etiquetas: Agregar Etiqueta
Sin Etiquetas, Sea el primero en etiquetar este registro!

MARC

LEADER 00000nam$a2200000$$$4500
001 0057295
005 20240502071639.0
020 |a 978-80-8078-094-4 
041 0 |a slo 
044 |a SK 
245 1 0 |a Verejné financie  |c Rudolf Sivák a kolektív 
264 1 |a Bratislava  |b Iura Edition  |c 2007 
300 |a 311 s. 
490 1 |a Ekonómia 
830 0 |a Ekonómia 
610 2 0 |a financie verejné 
610 2 0 |a veda finančná 
610 2 0 |a voľba verejná 
610 2 0 |a sústava finančná 
610 2 0 |a príjmy 
610 2 0 |a dane 
610 2 0 |a rozpočty verejné 
610 2 0 |a výdavky verejné 
610 2 0 |a dlhy verejné 
610 2 0 |a cykly hospodárske 
610 2 0 |a zabezpečenie sociálne 
610 2 0 |a politika fiškálna 
100 1 |a Sivák, Rudolf, 1955- 
700 1 |a Beňová, Elena 
700 1 |a Neubauerová, Erika, 1968- 
700 1 |a Beličková, Kornélia, 1966- 
700 1 |a Kubicová, Jana, 1961- 
700 1 |a Borodovčák, Michal 
700 1 |a Zubaľová, Alena, 1959- 
700 1 |a Sokira, Jozef 
700 1 |a Ochotnický, Pavol 
700 1 |a Troják, Jozef 
700 1 |a Šelešovský, Jan 
710 2 |a Ekonomická univerzita v Bratislave